Word Unscramble (HARD) - Statistics

General Stats
  • This quiz has been taken 14 times
  • The average score is 4 of 20
Answer Stats
Hint Answer % Correct
omnoik kimono
57%
nfahga afghan
50%
nainip panini
50%
miihkc kimchi
43%
apntic catnip
29%
ufedon fondue
29%
gageer reggae
29%
picsma scampi
29%
odgaia adagio
21%
pbcuha hubcap
14%
eyhecl lychee
14%
eelmot omelet
14%
oyahnw anyhow
7%
indyhg dinghy
7%
hyietg eighty
7%
nmhlay hymnal
7%
loektp klepto
7%
tapsoi patois
7%
igsesn gneiss
0%
yusthp typhus
0%
No matching quizzes found
Score Distribution
Percent of People with Each Score
Percentile by Number Answered
Your Score History
You have not taken this quiz